Organizational Behavior
| Main Author: | |
|---|---|
| Format: | Book |
| Language: | English |
| Published: |
New York :
Pearson Education ,
2002
|
| Subjects: |
MARC
| LEADER | 00000cam a2200000 7i4500 | ||
|---|---|---|---|
| 001 | 0000102000 | ||
| 005 | 20130327.0 | ||
| 008 | 100819 eng | ||
| 020 | |a 0130411027 | ||
| 090 | 0 | 0 | |a 658.3 JEN |
| 100 | 1 | |a George,Jennifer M | |
| 245 | 1 | 0 | |a Organizational Behavior |c Jennifer M.George |
| 260 | |a New York : |b Pearson Education , |c 2002 | ||
| 300 | |a 728p ; |c 25cm. | ||
| 650 | 0 | 0 | |a General Management |
| 999 | |a 0000197700 |b Buku |c Rak Terbuka |e Perpustakaan Cawangan Masjid Tanah | ||